Nr̥tyaratnakośa : (Record no. 88537)

MARC details
000 -LEADER
fixed length control field 01268cam a2200301 i 4500
001 - CONTROL NUMBER
control field sa 68018616
003 - CONTROL NUMBER IDENTIFIER
control field DLC
005 - DATE AND TIME OF LATEST TRANSACTION
control field 20260227112713.0
008 - FIXED-LENGTH DATA ELEMENTS--GENERAL INFORMATION
fixed length control field 811023m19571968ii b 000 0 san
010 ## - LIBRARY OF CONGRESS CONTROL NUMBER
LC control number sa 68018616
025 ## - OVERSEAS ACQUISITION NUMBER
Overseas acquisition number PL480:I-San-1136
040 ## - CATALOGING SOURCE
Original cataloging agency DLC
Transcribing agency DLC
Modifying agency DLC
043 ## - GEOGRAPHIC AREA CODE
Geographic area code a-ii---
050 00 - LIBRARY OF CONGRESS CALL NUMBER
Classification number ML338.2
Item number .K84
100 0# - MAIN ENTRY--PERSONAL NAME
Personal name Kumbha,
Titles and words associated with a name Maharana of Mewar,
Dates associated with a name active 1433-1468.
245 10 - TITLE STATEMENT
Title Nr̥tyaratnakośa :
Remainder of title vividhapāṭhabhedādi samalaṅkr̥ta /
Statement of responsibility, etc. Nr̥pati Kumbhakarṇadeva praṇīta ; sampādaka Rasikalāla Choṭālāla Parīkha tathā Priyabālā Śāhā.
260 ## - PUBLICATION, DISTRIBUTION, ETC.
Place of publication, distribution, etc. Jayapura :
Name of publisher, distributor, etc. Sañcālaka, Rājasthāna Purātattvānveshaṇa Mandira,
Date of publication, distribution, etc. 1957-1968.
300 ## - PHYSICAL DESCRIPTION
Extent 2 v. (7, 232, 76 p.) ;
Dimensions 25 cm.
490 1# - SERIES STATEMENT
Series statement Rajasthāna purātana granthamālā ;
Volume/sequential designation granthāṅka 24-25
500 ## - GENERAL NOTE
General note Vol. 2: Prathamāvrtti.
500 ## - GENERAL NOTE
General note Vol. 2 has imprint: Rājasthāna Prācyavidyā Pratishṭhāna, Jodhapura.
500 ## - GENERAL NOTE
General note In Sanskrit; introductory matter in Hindi.
504 ## - BIBLIOGRAPHY, ETC. NOTE
Bibliography, etc. note Bibliography: p. [75]-76 (last group)
650 #0 - SUBJECT ADDED ENTRY--TOPICAL TERM
Topical term or geographic name entry element Music
Geographic subdivision India
General subdivision History and criticism.
700 1# - ADDED ENTRY--PERSONAL NAME
Personal name Parikh, Rasiklal Chhotalal,
Dates associated with a name 1897-1982.
700 1# - ADDED ENTRY--PERSONAL NAME
Personal name Shah, Priyabala,
Dates associated with a name 1920-
830 #0 - SERIES ADDED ENTRY--UNIFORM TITLE
Uniform title Rājasthāna puratana granthamālā ;
Volume/sequential designation granthanka 24-25.

No items available.

Powered by Koha